5HLuxD.jpg

KING HENRY VIII SENIOR AND PRIMARY SCHOOL LIBRARY OPAC

Augusto Boal / (Record no. 2945)

000 -LEADER
fixed length control field 02597cam a2200337 i 4500
001 - CONTROL NUMBER
control field 20387748
003 - CONTROL NUMBER IDENTIFIER
control field OSt
005 - DATE AND TIME OF LATEST TRANSACTION
control field 20230913093221.0
008 - FIXED-LENGTH DATA ELEMENTS--GENERAL INFORMATION
fixed length control field 180306r20182004enka b 001 0deng
010 ## - LIBRARY OF CONGRESS CONTROL NUMBER
LC control number 2018008881
020 ## - INTERNATIONAL STANDARD BOOK NUMBER
International Standard Book Number 9781138592018 (pbk)
040 ## - CATALOGING SOURCE
Original cataloging agency DLC
Language of cataloging eng
Transcribing agency DLC
Description conventions rda
Modifying agency DLC
-- KH8
042 ## - AUTHENTICATION CODE
Authentication code pcc
082 00 - DEWEY DECIMAL CLASSIFICATION NUMBER
Classification number 792.02 BAB
-- B
Edition number 23
100 1# - MAIN ENTRY--PERSONAL NAME
Personal name Babbage, Frances,
Relator term author.
245 10 - TITLE STATEMENT
Title Augusto Boal /
Statement of responsibility, etc. Frances Babbage.
250 ## - EDITION STATEMENT
Edition statement First edition reissued.
264 #1 - PRODUCTION, PUBLICATION, DISTRIBUTION, MANUFACTURE, AND COPYRIGHT NOTICE
Place of production, publication, distribution, manufacture London ;
-- New York :
Name of producer, publisher, distributor, manufacturer Routledge,
Date of production, publication, distribution, manufacture, or copyright notice 2018.
300 ## - PHYSICAL DESCRIPTION
Extent xiii, 155 pages :
Other physical details illustrations ;
Dimensions 21 cm.
336 ## - CONTENT TYPE
Content type term text
Content type code txt
Source rdacontent
337 ## - MEDIA TYPE
Media type term unmediated
Media type code n
Source rdamedia
338 ## - CARRIER TYPE
Carrier type term volume
Carrier type code nc
Source rdacarrier
490 0# - SERIES STATEMENT
Series statement Routledge performance practitioners
500 ## - GENERAL NOTE
General note "First edition published by Routledge 2004. First edition reissued in 2018."--Title page verso.
504 ## - BIBLIOGRAPHY, ETC. NOTE
Bibliography, etc. note Includes bibliographical references (pages 145-150) and index.
505 0# - FORMATTED CONTENTS NOTE
Formatted contents note Biography and context -- Theatre of the oppressed -- Forum theatre in production -- Workshop progress.
520 ## - SUMMARY, ETC.
Summary, etc. "Routledge Performance Practitioners is a series of introductory guides to the key theatre-makers of the last century. Each volume explains the background to and the work of one of the major influences on twentieth- and twenty-first-century performance. These compact, well-illustrated, and clearly written books will unravel the contribution of modern theatre's most charismatic innovators. This newly-updated volume looks at the scope of Augusto Boal's career - from his early work as a playwright and director in Sao Paulo in the 1950s, to the development of his ground-breaking manifesto in the 1970s for a 'Theatre of the Oppressed'. Offering fascinating reading for anyone interested in the role that theatre can play in stimulating social and personal change, this useful study includes: A biographical and historical overview of Boal's career as theatre practitioner and director; an in-depth analysis of Boal's classic text on radical theatre; an exploration of training and production techniques Practical guidance to Boal's workshop methods. This is an essential introduction to the work of a practitioner who has had a tremendous impact on contemporary theatre. As a first step towards critical understanding, and as an initial exploration before going on to further, primary research, Routledge Performance Practitioners are unbeatable value for today's student." --
Assigning source Provided by publisher.
600 10 - SUBJECT ADDED ENTRY--PERSONAL NAME
Personal name Boal, Augusto.
610 20 - SUBJECT ADDED ENTRY--CORPORATE NAME
Corporate name or jurisdiction name as entry element Centre du théâtre de l'opprimé
General subdivision History.
942 ## - ADDED ENTRY ELEMENTS (KOHA)
Source of classification or shelving scheme
Koha item type Teaching Resources
Holdings
Withdrawn status Lost status Source of classification or shelving scheme Damaged status Not for loan Collection code Permanent Location Current Location Shelving location Date acquired Full call number Barcode Date last seen Price effective from Koha item type
          Teaching Resources KH8 Senior School Library KH8 Senior School Library Staff Office 2023-09-13 792.02 BAB TRKHSL003077 2023-09-13 2023-09-13 Teaching Resources

Powered By KH8 IT Dept